000 00376nam a2200133Ia 4500
005 20260328101443.0
008 260328s9999||||xx |||||||||||||| ||und||
100 _aJohnson, Paul Alan
245 4 _aThe Theory of Architecture :
_b Conceps, themes & Practices /
_cPaul Alan Johnson
260 _bVan Nostrand Reinhold
300 _a486 p.
650 _aARQUITECTURA
942 _cBK
999 _c8356
_d8356